More than enough / Anna Quindlen.
Available copies
- 0 of 2 copies available at LARL/NWRL Consortium.
- 0 of 2 copies available at Lake Agassiz Regional Library. (Show preferred library)
Current holds
1 current hold with 2 total copies.
View other formats and editions
Show Only Available Copies
| Location | Call Number / Copy Notes | Barcode | Shelving Location | Status | Due Date |
|---|---|---|---|---|---|
| Ada Public Library | CD TALKING BOOK QUI (Text) | 33500014353874 | Main | Checked out | 05/29/2026 |
| Fosston Public Library | CD TALKING BOOK QUI (Text) | 33500014353882 | Main | On holds shelf | - |
Record details
- ISBN: 9798217413027
- ISBN: 9798217412723
- Physical Description: 7 audio discs (8 hr., 12 min.) : CD audio, digital ... Read More
- Edition: Unabridged.
- Publisher: [New York] : Penguin Random House, [2026]
Content descriptions
| General Note: | Compact discs. |
| Participant or Performer Note: | Narrated by Kristen Sieh. |
| Summary, etc.: | High school English teacher Polly Goodman ... Read More |
Search for related items by subject
| Genre: | Audiobooks. Domestic fiction. Psychological fiction. |
| LDR | 02635nim a22006497i 4500 | ||
|---|---|---|---|
| 001 | 483584 | ||
| 003 | LARL_NWRL_CONSORTIUM | ||
| 005 | 20260326173105.0 | ||
| 008 | 260312s2026 nyunnnne f n eng d | ||
| 007 | sd fsngnnmmned | ||
| 040 | . | ‡aBLACP ‡beng ‡erda ‡cBLACP ‡dOCLCO | |
| 020 | . | ‡a9798217413027 ‡q(sound recording ; ‡qBlackstone Library CD) | |
| 020 | . | ‡a9798217412723 ‡q(sound recording ; ‡qBlackstone Retail CD) | |
| 035 | . | ‡a(OCoLC)1579023605 | |
| 037 | . | ‡aZPnraq ‡bBlackstone Publishing | |
| 037 | . | ‡aZEnraq ‡bBlackstone Publishing | |
| 082 | 0 | 4. | ‡a813/.54 ‡223 |
| 100 | 1 | . | ‡aQuindlen, Anna, ‡eauthor. ‡1https://id.oclc.org/worldcat/entity/E39PBJkT9rYDHKM8pBxBC8B3wC ‡0(LARL_NWRL_CONSORTIUM)5979 |
| 245 | 1 | 0. | ‡aMore than enough / ‡cAnna Quindlen. |
| 250 | . | ‡aUnabridged. | |
| 264 | 1. | ‡a[New York] : ‡bPenguin Random House, ‡c[2026] | |
| 300 | . | ‡a7 audio discs (8 hr., 12 min.) : ‡bCD audio, digital ; ‡c4 3/4 in. | |
| 336 | . | ‡aspoken word ‡bspw ‡2rdacontent | |
| 337 | . | ‡aaudio ‡bs ‡2rdamedia | |
| 338 | . | ‡aaudio disc ‡bsd ‡2rdacarrier | |
| 344 | . | ‡adigital ‡2rdatr | |
| 344 | . | ‡boptical ‡2rdarm | |
| 347 | . | ‡aaudio file ‡2rdaft | |
| 347 | . | ‡bCD audio | |
| 500 | . | ‡aCompact discs. | |
| 511 | 0 | . | ‡aNarrated by Kristen Sieh. |
| 520 | . | ‡aHigh school English teacher Polly Goodman confronts the surprising results of an ancestry test and begins to question the meaning of family and friendship. | |
| 650 | 0. | ‡aWomen teachers ‡vFiction. ‡0(LARL_NWRL_CONSORTIUM)167946 | |
| 650 | 0. | ‡aEnglish teachers ‡vFiction. ‡0(LARL_NWRL_CONSORTIUM)164840 | |
| 650 | 0. | ‡aFertilization in vitro ‡vFiction. | |
| 650 | 0. | ‡aBook clubs (Discussion groups) ‡vFiction. ‡0(LARL_NWRL_CONSORTIUM)171044 | |
| 650 | 0. | ‡aFemale friendship ‡vFiction. ‡0(LARL_NWRL_CONSORTIUM)164947 | |
| 650 | 0. | ‡aInterpersonal relations ‡vFiction. ‡0(LARL_NWRL_CONSORTIUM)165331 | |
| 650 | 0. | ‡aGenetic genealogy ‡vFiction. | |
| 650 | 0. | ‡aFamily secrets ‡vFiction. ‡0(LARL_NWRL_CONSORTIUM)164948 | |
| 650 | 7. | ‡aFICTION / Women. ‡2bisacsh | |
| 650 | 7. | ‡aFICTION / Family Life / General. ‡2bisacsh | |
| 650 | 7. | ‡aFICTION / Friendship. ‡2bisacsh | |
| 655 | 7. | ‡aAudiobooks. ‡2lcgft ‡0(LARL_NWRL_CONSORTIUM)175801 | |
| 655 | 7. | ‡aDomestic fiction. ‡2lcgft | |
| 655 | 7. | ‡aPsychological fiction. ‡2lcgft | |
| 700 | 1 | . | ‡aSieh, Kristen, ‡enarrator. ‡1https://id.oclc.org/worldcat/entity/E39PCjCcxKvvhWvxhGBqr7d6Vd |
| 901 | . | ‡a483584 ‡bAUTOGEN ‡c483584 ‡tbiblio | |

Add to basket
Permalink
Disable Highlighting